000 00371nam a2200145Ia 4500
008 230917s9999||||xx |||||||||||||| ||und||
040 _e56661
_aMAIN
041 _aEnglish
082 _a822.09 K128E
100 _aKamini, Dinesh
245 4 _aThe external pattern: a study of the theme of Martyrdom
260 _aJaipur
_bUnique
_c1985
300 _a182 p.
942 _cBK
999 _c48572
_d48572